Pays où Baby de Justin Bieber s'est classé - Statistiques

Statistiques générales
  • Ce quiz a été pris 240 fois
  • Le résultat moyen est 15 sur 24
Statistiques - réponses
Position dans les charts Pays % Correct
1 France
100%
5 États Unis
98%
3 Canada
93%
43 Espagne
91%
3 Royaume Uni
86%
22 Allemagne
83%
4 Brésil
82%
18 Mexique
79%
2 Japon
77%
12 Belgique
75%
25 Suisse
69%
3 Australie
68%
2 Argentine
66%
7 Irlande
66%
25 Suède
65%
23 Pays Bas
60%
3 Norvège
59%
13 Danemark
50%
4 Nouvelle Zélande
48%
37 Autriche
39%
9 Hongrie
31%
20 Tchéquie
22%
10 Slovaquie
17%
5 Israel
12%
Aucun quiz correspondant
Distribution des résultats
% des personnes avec chaque résultat
Percentile par nombre de réponses
Votre historique - résultats
Vous n’avez pas pris ce quiz